Sports Quiz

Random Sports Quiz

Milwaukee Brewers Team MVP's Quiz Stats

 Plays Quiz not verified by Sporcle

Score 0/43 Timer 06:00
0 Plays Today
Year Player % Correct
1980Robin Yount
97.4%
1981Robin Yount
97.4%
1982Robin Yount
97.4%
1983Robin Yount
97.4%
1984Robin Yount
97.4%
1989Robin Yount
97.4%
2009Prince Fielder
97.4%
2010Ryan Braun
96.1%
2011Ryan Braun
96.1%
1985Paul Molitor
93.5%
1987Paul Molitor
93.5%
1990Paul Molitor
93.5%
1991Paul Molitor
93.5%
1992Paul Molitor
93.5%
2004Ben Sheets
82.5%
2007Corey Hart
70.8%
2008CC Sabathia
69.5%
1986Teddy Higuera
66.2%
1988Teddy Higuera
66.2%
1998Jeff Cirillo
57.8%
1997Jeff Cirillo
57.8%
1999Jeff Cirillo
57.8%
Year Player % Correct
1972George Scott
53.2%
1973George Scott
53.2%
1974Don Money
50.6%
1977Don Money
50.6%
2006Bill Hall
50.6%
1970Tommy Harper
47.4%
1993Greg Vaughn
46.8%
1978Mike Caldwell
43.5%
2002Jose Hernandez
41.6%
1979Sixto Lezcano
39.6%
1975Darrell Porter
38.3%
1994Ricky Bones
35.1%
2005Brady Clark
34.4%
2003Scott Podsednik
31.2%
2001Ronnie Belliard
29.9%
1971John Briggs
27.9%
1996Ben McDonald
25.3%
2000Jeff D'Amico
24.7%
1995BJ Surhoff
23.4%
1976Bill Travers
18.8%
1969Mike Hegan
15.6%

You're not logged in!

Compare scores with friends on all Sporcle quizzes.
OR
Log In

Show Comments

Extras

Top Quizzes Today


Score Distribution

Your Account Isn't Verified!

In order to create a playlist on Sporcle, you need to verify the email address you used during registration. Go to your Sporcle Settings to finish the process.

Report this User

Report this user for behavior that violates our Community Guidelines.

Details: